Statistics for The 14th Century

Click here to take the quiz!

General Stats

  • This quiz has been taken 37,150 times
    (37,134 since last reset)
  • The average score is 13 of 19

Answer Stats

WhenDescriptionAnswer% Correct
1347–1351This pandemic kills perhaps 40% of Europe's populationBlack Death
94%
1382John Wycliffe is the first person to translate this document into EnglishThe Bible
91%
1300sThis cultural "rebirth" begins in Florence, ItalyThe Renaissance
89%
1337The beginning of this long-lasting war between England and FranceHundred Years' War
83%
1325The Aztec city of Tenochtitlan is founded on the site of this modern-day cityMexico City
82%
1377Richard II is the last English king to take his royal oath in this languageFrench
79%
1308This Italian poet begins work on his "Divine Comedy"Dante
77%
1300sThis period of global cooling begins. It would last 500 years.Little {Ice} {Age}
77%
1370
After 100 years of rule, this group of foreign conquerors
is expelled from China
Mongols
74%
1307This knightly order is surpressed in France, with many burned at the stakeKnights {Templar}
71%
1368This dynasty comes to power in ChinaMing
71%
late 1300sThis author writes "The Canterbury Tales"Geoffrey Chaucer
64%
1328This King, called "The Bruce", leads Scotland to independence from EnglandRobert the Bruce
60%
1397First evidence of this predecessor to the pianoHarpsichord
51%
1309–1377Popes shun Rome to live in this French cityAvignon
46%
1324This empire in northwest Africa annexes the city of TimbuktuMali
45%
1356This league of cities is formed for the purpose of trade
on the North and Baltic Seas
{Hanseatic} League
39%
1300sThis Germanic order conquers much of Poland, Latvia, Lithuania, and Estonia{Teutonic} Knights
39%
1360–This "lame" ruler conquers most of Central Asia,
killing 5% of the world's population
Timur
25%

Score Distribution

Percentile by Number Answered

Percent of People with Each Score

Your Score History

You have not taken this quiz since the last reset